[Event "Bayerische EM 2022 - Allgemeine Gruppe"]
[Site "Rosenheim"]
[Date "2022.08.23"]
[Round "3.4"]
[White "Niedermeier, Thomas"]
[Black "Lohvinov, Petro"]
[Result "0-1"]
[WhiteElo "2253"]
[BlackElo "2232"]
[PlyCount "38"]
[EventDate "2022.??.??"]
[WhiteTeam "SV Ilmmünster"]
[BlackTeam "SK München Südost"]

1. d4 Nf6 2. c4 g6 3. Nc3 Bg7 4. e4 d6 5. Be2 O-O 6. Be3 c5 7. d5 e6 8. Qd2
exd5 9. exd5 Re8 10. O-O-O b5 11. Nxb5 Ne4 12. Qc2 a6 13. Na3 Nd7 14. Rd3 Ne5
15. Rb3 Bf5 16. Qd1 Nxf2 17. Bxf2 Bh6+ 18. Re3 Ng4 19. Bxg4 Rxe3 0-1

[Event "Bayerische EM 2022 - Allgemeine Gruppe"]
[Site "Rosenheim"]
[Date "2022.08.23"]
[Round "3.5"]
[White "Schmid, Roland"]
[Black "Monninger, Moritz"]
[Result "0-1"]
[WhiteElo "2233"]
[BlackElo "2071"]
[PlyCount "94"]
[EventDate "2022.??.??"]
[WhiteTeam "Post Regensburg"]
[BlackTeam "SK Herzogenaurach"]

1. Nf3 Nf6 2. c4 e6 3. g3 d5 4. d4 Bb4+ 5. Bd2 Bd6 6. Bg2 c6 7. O-O O-O 8. Qc2
Ne4 9. Bc1 Nd7 10. b3 a5 11. Bb2 f5 12. Ba3 Bxa3 13. Nxa3 Ndf6 14. Qb2 Bd7 15.
Nc2 b5 16. cxb5 cxb5 17. b4 Nd6 18. Ne5 Nc4 19. Nxc4 bxc4 20. b5 a4 21. Rab1
Qb6 22. Qa3 Ra5 23. Rb4 Rfa8 24. Rfb1 Ne8 25. g4 Nd6 26. gxf5 Nxf5 27. e4 Nxd4
28. Qe3 e5 29. exd5 Qg6 30. Nxd4 exd4 31. Qg3 Qb6 32. d6 Re8 33. Bd5+ Be6 34.
d7 Rd8 35. Re1 Bxd5 36. Re8+ Kf7 37. Qf4+ Qf6 38. Qxf6+ Kxf6 39. Rxd8 Ke7 40.
Rh8 Kxd7 41. b6 d3 42. b7 d2 43. Rb1 Rb5 44. b8=Q Rxb8 45. Rhxb8 c3 46. R8b5 c2
47. Rxd5+ Ke6 0-1

[Event "Bayerische EM 2022 - Allgemeine Gruppe"]
[Site "Rosenheim"]
[Date "2022.08.23"]
[Round "3.6"]
[White "Brunner, Tobias"]
[Black "Böhme, Markus"]
[Result "1/2-1/2"]
[WhiteElo "2050"]
[BlackElo "2170"]
[PlyCount "42"]
[EventDate "2022.??.??"]
[WhiteTeam "SC Windischeschenbach"]
[BlackTeam "SC Uttenreuth"]

1. e4 c6 2. d4 d5 3. exd5 cxd5 4. Bd3 Nc6 5. c3 Qc7 6. h3 e5 7. dxe5 Nxe5 8.
Bc2 Bd6 9. Be3 Ne7 10. Nf3 O-O 11. O-O Nf5 12. Bxf5 Bxf5 13. Nxe5 Bxe5 14. Qxd5
Rfe8 15. Nd2 Rad8 16. Qf3 Bd7 17. Rfe1 Bc6 18. Qe2 Re6 19. Nf1 Rg6 20. f3 Bd6
21. Kh1 Re8 1/2-1/2

[Event "Bayerische EM 2022 - Allgemeine Gruppe"]
[Site "Rosenheim"]
[Date "2022.08.23"]
[Round "3.7"]
[White "Kleibel, Uwe"]
[Black "Ritzka, Simon"]
[Result "1-0"]
[WhiteElo "2183"]
[BlackElo "2057"]
[PlyCount "171"]
[EventDate "2022.??.??"]
[WhiteTeam "SC Bavaria Regensburg von 1881"]
[BlackTeam "SC Roter Turm Altstadt"]

1. d4 d5 2. c4 c6 3. Nf3 Nf6 4. e3 Bf5 5. Nc3 e6 6. Nh4 Bg6 7. Qb3 Qc7 8. Nxg6
hxg6 9. g3 Nbd7 10. Bg2 a6 11. O-O b5 12. cxd5 cxd5 13. Bd2 Nb6 14. Rfc1 Qd7
15. a4 b4 16. Ne2 a5 17. Nf4 Bd6 18. Nd3 O-O 19. Nc5 Bxc5 20. Rxc5 Rfc8 21.
Rxc8+ Rxc8 22. Bf1 Ne4 23. Be1 Qc6 24. Bd3 Nd6 25. Qd1 f5 26. b3 Kf7 27. f3 Rc7
28. Bd2 Nd7 29. Rc1 Qb7 30. Rxc7 Qxc7 31. Qc2 Qxc2 32. Bxc2 Nf6 33. h3 Ke7 34.
g4 Kf7 35. g5 Nd7 36. Be1 e5 37. Bg3 Ke6 38. dxe5 Nxe5 39. Kf2 Nb7 40. Ke2 Nc5
41. h4 Ncd7 42. Bd1 Nc5 43. Bc2 Ncd7 44. Bf2 Nc6 45. Kd2 Nde5 46. Bd1 Kd6 47.
Be2 Ke6 48. Kc2 Kd6 49. Bg3 Kc5 50. Kd2 Kd6 51. Bb5 Kc5 52. Bxc6 Nxc6 53. Bc7
f4 54. Bxf4 Ne7 55. Bc7 Nf5 56. Bxa5 d4 57. e4 Nxh4 58. f4 Nf3+ 59. Ke2 Ng1+
60. Kd2 Nf3+ 61. Kd3 Ne1+ 62. Ke2 Nc2 63. f5 gxf5 64. exf5 Kd5 65. f6 gxf6 66.
gxf6 Ke6 67. Kd3 Na1 68. Kc4 Kxf6 69. Bxb4 Ke6 70. a5 Kd7 71. a6 Kc6 72. Ba5
Nc2 73. b4 Na3+ 74. Kxd4 Nb5+ 75. Kc4 Nd6+ 76. Kb3 Nc8 77. Ka4 Nd6 78. Bd8 Nb5
79. Ka5 Nc3 80. Bf6 Nd5 81. b5+ Kc7 82. Be5+ Kc8 83. b6 Ne7 84. b7+ Kd7 85.
b8=Q Nc6+ 86. Kb6 1-0

[Event "Bayerische EM 2022 - Allgemeine Gruppe"]
[Site "Rosenheim"]
[Date "2022.08.23"]
[Round "3.8"]
[White "Bruss, Robert"]
[Black "Reimann, Sebastian"]
[Result "0-1"]
[WhiteElo "1845"]
[BlackElo "2252"]
[PlyCount "84"]
[EventDate "2022.??.??"]
[WhiteTeam "SV Altensittenbach"]
[BlackTeam "SK Kriegshaber"]

1. d4 Nf6 2. c4 e6 3. Nc3 d5 4. cxd5 exd5 5. Bg5 Bb4 6. e3 h6 7. Bxf6 Qxf6 8.
Bd3 c6 9. Qf3 Nd7 10. Nge2 Qxf3 11. gxf3 O-O 12. f4 Re8 13. Kd2 Nf6 14. f3 Bd7
15. a3 Bf8 16. Rhe1 c5 17. Bb5 Rad8 18. Bxd7 Rxd7 19. Kd3 Rde7 20. Ng1 b6 21.
Re2 Rd7 22. dxc5 bxc5 23. Na4 Nh5 24. Nh3 f5 25. Rc1 c4+ 26. Kd2 Be7 27. Nc3
Bf6 28. Rd1 Rb8 29. Kc2 Rdb7 30. Rb1 Bxc3 31. Kxc3 Rb3+ 32. Kd4 Nf6 33. Rc1
Rxb2 34. Rcc2 R2b3 35. Nf2 Rxa3 36. Ra2 Rbb3 37. Ke5 Rxe3+ 38. Rxe3 Rxa2 39.
Nd1 Rd2 40. Re1 d4 41. Kxf5 Kf7 42. h4 a5 0-1

[Event "Bayerische EM 2022 - Allgemeine Gruppe"]
[Site "Rosenheim"]
[Date "2022.08.23"]
[Round "3.9"]
[White "Luhn, Robert"]
[Black "Löw, Gerald"]
[Result "0-1"]
[WhiteElo "1989"]
[BlackElo "2153"]
[PlyCount "64"]
[EventDate "2022.??.??"]
[WhiteTeam "SK Caissa Augsburg"]
[BlackTeam "TSV Bindlach Aktionär"]

1. d4 d6 2. Nf3 Nf6 3. c4 Nbd7 4. Nc3 e5 5. e4 Be7 6. Be2 O-O 7. O-O c6 8. Ne1
a6 9. a4 a5 10. Be3 exd4 11. Bxd4 Re8 12. Nd3 Bf8 13. f3 Ne5 14. Nxe5 dxe5 15.
Bf2 Nd7 16. Kh1 Bc5 17. Bg3 Qe7 18. Na2 Bd4 19. Nc1 Bxb2 20. Rb1 Ba3 21. Qb3
Bc5 22. Nd3 Bd4 23. Rbd1 Nc5 24. Nxc5 Qxc5 25. Be1 Rb8 26. Bd2 Be6 27. Bc1 b5
28. Ba3 b4 29. Bc1 Rbd8 30. f4 Bc3 31. Rd3 Bxc4 32. Be3 Bxb3 0-1

[Event "Bayerische EM 2022 - Allgemeine Gruppe"]
[Site "Rosenheim"]
[Date "2022.08.23"]
[Round "3.10"]
[White "Michalek, Michal"]
[Black "Sesselmann, Moritz"]
[Result "1-0"]
[WhiteElo "2153"]
[BlackElo "1704"]
[PlyCount "37"]
[EventDate "2022.??.??"]
[WhiteTeam "1.FC Marktleuthen"]
[BlackTeam "SK Kulmbach"]

1. Nf3 d5 2. c4 Nf6 3. cxd5 Nxd5 4. d4 g6 5. h3 Bg7 6. e4 Nb6 7. Nc3 O-O 8. Be3
c6 9. Rc1 Be6 10. b3 f6 11. Be2 a5 12. O-O Bf7 13. Qc2 N8d7 14. Rfd1 Qb8 15.
Na4 Nxa4 16. bxa4 Qd6 17. Rb1 Rab8 18. Bc4 Rfe8 19. e5 1-0

[Event "Bayerische EM 2022 - Allgemeine Gruppe"]
[Site "Rosenheim"]
[Date "2022.08.23"]
[Round "3.11"]
[White "Biedenkopf, Philipp"]
[Black "Böhme, Sebastian"]
[Result "0-1"]
[WhiteElo "1746"]
[BlackElo "2198"]
[PlyCount "54"]
[EventDate "2022.??.??"]
[WhiteTeam "SK Passau"]
[BlackTeam "SC Erlangen"]

1. d4 Nf6 2. c4 e6 3. Nf3 d5 4. g3 Bb4+ 5. Bd2 Be7 6. Bg2 O-O 7. O-O c6 8. Qc2
a5 9. Bf4 Nbd7 10. Rd1 a4 11. Nbd2 Nh5 12. Be3 Bd6 13. Rac1 f5 14. Nb1 Nhf6 15.
Bf4 Bxf4 16. gxf4 Ne4 17. e3 Rf6 18. Qe2 Rh6 19. Nbd2 Ndf6 20. h3 Bd7 21. Ne5
Be8 22. Kh2 Bh5 23. Bf3 Bxf3 24. Qxf3 Ng4+ 25. Nxg4 fxg4 26. Qxg4 Nxf2 27. Qg2
Nxh3 0-1

[Event "Bayerische EM 2022 - Allgemeine Gruppe"]
[Site "Rosenheim"]
[Date "2022.08.23"]
[Round "3.12"]
[White "Straub, Jürgen"]
[Black "Vuckovic, Robert"]
[Result "1/2-1/2"]
[WhiteElo "2126"]
[BlackElo "1846"]
[PlyCount "100"]
[EventDate "2022.??.??"]
[WhiteTeam "TSV Ingolstadt Nord"]
[BlackTeam "SF Augsburg"]

1. d4 Nf6 2. Nf3 e6 3. e3 c5 4. Bd3 b6 5. Qe2 Bb7 6. O-O Be7 7. Nbd2 Nc6 8. a3
h5 9. dxc5 bxc5 10. e4 g5 11. c3 g4 12. Ne1 Ne5 13. Bc2 Qc7 14. f4 gxf3 15.
Nexf3 Neg4 16. Nc4 Ba6 17. Bd3 d5 18. exd5 Nxd5 19. Bd2 Rb8 20. b4 Rd8 21. Rae1
Bf6 22. Rc1 Rg8 23. Nd6+ Qxd6 24. Bxa6 cxb4 25. cxb4 Bb2 26. Rc6 Qe7 27. Bb5
Kf8 28. h3 Rg6 29. Bd3 Rg8 30. hxg4 hxg4 31. Bh6+ Bg7 32. Bxg7+ Rxg7 33. Ne5
Qg5 34. Nxf7 Rxf7 35. Rxf7+ Kxf7 36. Qxe6+ Kf8 37. Qh6+ Qxh6 38. Rxh6 g3 39.
Rh8+ Ke7 40. Rh7+ Kf6 41. Kf1 Nf4 42. Be2 Rd2 43. Bf3 Ra2 44. Rd7 Rxa3 45. Ke1
Ra2 46. Rd2 Ra1+ 47. Bd1 Rb1 48. Ra2 Rxb4 49. Bf3 Rb2 50. Rxa7 Nxg2+ 1/2-1/2

[Event "Bayerische EM 2022 - Allgemeine Gruppe"]
[Site "Rosenheim"]
[Date "2022.08.23"]
[Round "3.13"]
[White "Stöttner, Moritz"]
[Black "Redzepovic, Irfan"]
[Result "1-0"]
[WhiteElo "1906"]
[BlackElo "2108"]
[PlyCount "89"]
[EventDate "2022.??.??"]
[WhiteTeam "SK Landau-Dingolfing"]
[BlackTeam "SW Nürnberg Süd"]

1. e4 e5 2. Nf3 Nc6 3. Bc4 Nf6 4. d3 Bc5 5. c3 d6 6. O-O Bb6 7. Re1 h6 8. Nbd2
Bg4 9. Nf1 Ne7 10. h3 Be6 11. Bxe6 fxe6 12. b4 O-O 13. a4 c6 14. a5 Bc7 15. c4
Ng6 16. g3 a6 17. N1h2 Nd7 18. Bd2 c5 19. Qa4 cxb4 20. Bxb4 Ne7 21. Qa3 Nb8 22.
Nxe5 Nbc6 23. Nxc6 Nxc6 24. Bc3 Bb8 25. Qb2 Rf7 26. Kg2 Ba7 27. Re2 d5 28. cxd5
exd5 29. Nf3 dxe4 30. dxe4 Qd3 31. Ne1 Qc4 32. Rc1 Raf8 33. f4 Qe6 34. Nf3 Rd8
35. Ne5 Nxe5 36. Bxe5 Rd3 37. Rc3 Rd1 38. Rc1 Qd7 39. Rec2 Qd3 40. Rxd1 Qxd1
41. Rc1 Qd5 42. Rc8+ Rf8 43. Qxb7 Qf7 44. Qxf7+ Kxf7 45. Rc7+ 1-0

[Event "Bayerische EM 2022 - Allgemeine Gruppe"]
[Site "Rosenheim"]
[Date "2022.08.23"]
[Round "3.14"]
[White "Albert, Markus"]
[Black "Duong, Quang Bach"]
[Result "1-0"]
[WhiteElo "2024"]
[BlackElo "1525"]
[PlyCount "75"]
[EventDate "2022.??.??"]
[WhiteTeam "SC Ansbach"]
[BlackTeam "SK Nürnberg"]

1. Nc3 Nf6 2. e4 e5 3. d4 exd4 4. Qxd4 Nc6 5. Qd3 Bb4 6. Bd2 O-O 7. O-O-O Re8
8. Nge2 Qe7 9. Bg5 Qe6 10. f3 Ne5 11. Qe3 Be7 12. Nd4 Qb6 13. Qd2 Bd8 14. h4 h6
15. Be3 d6 16. Nb3 c5 17. Nb5 Be7 18. Nxd6 Rd8 19. Nxc8 Rxd2 20. Nxb6 Rxd1+ 21.
Kxd1 axb6 22. Nc1 Ne8 23. Bf4 Bf6 24. c3 Nc7 25. Be2 b5 26. Be3 c4 27. Kc2 Ne6
28. f4 Nd7 29. Bf3 Nec5 30. g3 Kf8 31. Rd1 Be7 32. e5 Ke8 33. Rd5 Rc8 34. Ne2
b4 35. cxb4 Nd3 36. Bd2 Bxb4 37. Bg4 Nb6 38. Rb5 1-0

[Event "Bayerische EM 2022 - Allgemeine Gruppe"]
[Site "Rosenheim"]
[Date "2022.08.23"]
[Round "3.15"]
[White "Bratu, Mircea"]
[Black "Bunk, Wolfgang"]
[Result "1-0"]
[WhiteElo "1684"]
[BlackElo "2011"]
[PlyCount "83"]
[EventDate "2022.??.??"]
[WhiteTeam "SG Schwabing München"]
[BlackTeam "SC Bavaria Regensburg von 1881"]

1. d4 Nf6 2. c4 g6 3. f3 Bg7 4. e4 d6 5. Nc3 O-O 6. Nge2 c5 7. d5 e6 8. Ng3
exd5 9. cxd5 a6 10. a4 Nbd7 11. Be2 h5 12. O-O h4 13. Nh1 Nh5 14. Be3 g5 15.
Nf2 Nf4 16. Qd2 Ne5 17. Bxf4 gxf4 18. Qxf4 f5 19. exf5 Rxf5 20. Qd2 Qf8 21. Ng4
h3 22. Nxe5 hxg2 23. Rf2 Rxe5 24. Rxg2 Bf5 25. f4 Re7 26. Kh1 Kh8 27. Rg5 Bh6
28. Rh5 Bg6 29. Rh4 Rh7 30. Rg1 Qf6 31. Rhg4 Bf5 32. R4g3 Qd4 33. Qe1 Bxf4 34.
R3g2 Be4 35. Nxe4 Qxe4 36. h4 Be5 37. Bg4 Qxd5 38. Bf5 Rg7 39. Qe2 Kg8 40. Be6+
Qxe6 41. Rxg7+ Kf8 42. Qf3+ 1-0

[Event "Bayerische EM 2022 - Allgemeine Gruppe"]
[Site "Rosenheim"]
[Date "2022.08.23"]
[Round "3.16"]
[White "Sandner, Michael"]
[Black "Fuchs, Florian"]
[Result "0-1"]
[WhiteElo "2089"]
[BlackElo "1887"]
[PlyCount "80"]
[EventDate "2022.??.??"]
[WhiteTeam "SG Traunstein/Traunreut"]
[BlackTeam "DJK SF Haselbach"]

1. e4 c5 2. Nf3 Nc6 3. d4 cxd4 4. Nxd4 Nf6 5. Nc3 e5 6. Ndb5 d6 7. Bg5 a6 8.
Na3 b5 9. Bxf6 gxf6 10. Nd5 Bg7 11. Bd3 Be6 12. O-O f5 13. Qh5 f4 14. c4 bxc4
15. Bxc4 Nd4 16. Rac1 Rb8 17. b3 Qd7 18. f3 O-O 19. Bd3 Nxb3 20. Rc7 Qd8 21.
Nc4 Nc5 22. Bc2 Rb4 23. Na5 Bxd5 24. exd5 e4 25. Rxc5 Qb6 26. Nc6 Qxc5+ 27. Kh1
Qxc2 28. Nxb4 Qc4 29. Rb1 Rb8 30. a3 a5 31. Qg5 e3 32. g3 axb4 33. axb4 e2 34.
gxf4 Qd3 35. Rg1 Qxf3+ 36. Qg2 Qxg2+ 37. Kxg2 Rxb4 38. Kf3 Rb2 39. f5 Kf8 40.
f6 Bxf6 0-1

[Event "Bayerische EM 2022 - Allgemeine Gruppe"]
[Site "Rosenheim"]
[Date "2022.08.23"]
[Round "3.17"]
[White "Rosenboom, Niko"]
[Black "Fuchs, Michael"]
[Result "1/2-1/2"]
[WhiteElo "1678"]
[BlackElo "2049"]
[PlyCount "52"]
[EventDate "2022.??.??"]
[WhiteTeam "SGem Fürth"]
[BlackTeam "DJK SF Haselbach"]

1. e4 e6 2. Nf3 d5 3. Nc3 Nf6 4. e5 Nfd7 5. d4 Be7 6. Be3 a6 7. Ne2 c5 8. dxc5
Nc6 9. Bd4 Qc7 10. c3 Nxc5 11. Nf4 Nxd4 12. Qxd4 Ne4 13. Nd3 Bd7 14. Qe3 Bb5
15. Rd1 Bc4 16. b3 Bxd3 17. Bxd3 Qxc3+ 18. Nd2 Bc5 19. Qf3 Qxe5 20. Nxe4 Bb4+
21. Ke2 dxe4 22. Qxe4 Qxe4+ 23. Bxe4 Rb8 24. Rd4 Bc5 25. Rc4 Bd6 26. Bxb7 a5
1/2-1/2

[Event "Bayerische EM 2022 - Allgemeine Gruppe"]
[Site "Rosenheim"]
[Date "2022.08.23"]
[Round "3.18"]
[White "Sesselmann, Christoph"]
[Black "Höller, Armin"]
[Result "1-0"]
[WhiteElo "1880"]
[BlackElo "2045"]
[PlyCount "45"]
[EventDate "2022.??.??"]
[WhiteTeam "SK Kulmbach"]
[BlackTeam "SK Weilheim"]

1. e4 e5 2. f4 exf4 3. Nf3 d5 4. exd5 Qxd5 5. Nc3 Qh5 6. d4 Bd6 7. Bc4 Bg4 8.
O-O g5 9. Qe1+ Kf8 10. Ne5 Nh6 11. Ne4 Bxe5 12. dxe5 Nc6 13. Qc3 Be6 14. Bxe6
fxe6 15. Nxg5 Ng4 16. Bxf4 Re8 17. Ne4 Kg7 18. Nf6 Nxf6 19. exf6+ Kf7 20. Rad1
Rd8 21. Rde1 Rhg8 22. Bxc7 Qd5 23. Qh3 1-0

[Event "Bayerische EM 2022 - Allgemeine Gruppe"]
[Site "Rosenheim"]
[Date "2022.08.23"]
[Round "3.19"]
[White "Donegani, Peter"]
[Black "Wagner, Tizian"]
[Result "0-1"]
[WhiteElo "2040"]
[BlackElo "1806"]
[PlyCount "76"]
[EventDate "2022.??.??"]
[WhiteTeam "SG Traunstein/Traunreut"]
[BlackTeam "SV Seubelsdorf"]

1. e4 c5 2. Nf3 Nc6 3. d4 cxd4 4. Nxd4 e5 5. Nb5 Nf6 6. N1c3 Bb4 7. a3 Bxc3+ 8.
Nxc3 O-O 9. Bd3 d6 10. O-O Be6 11. Bg5 h6 12. Bh4 Nd4 13. Ne2 Bg4 14. f3 Nxe2+
15. Qxe2 Be6 16. c4 g5 17. Bf2 Kh8 18. Be3 Rg8 19. g3 Nh5 20. Kh1 Rg6 21. Bd2
Qd7 22. Rad1 Rag8 23. Be3 Bh3 24. Rf2 Rf6 25. Qd2 Qa4 26. Be2 Qc6 27. Qd5 Qc7
28. f4 Nxf4 29. gxf4 gxf4 30. Bxf4 Rxf4 31. Qd2 Kh7 32. Rxf4 Bg2+ 33. Kg1 Qc5+
34. Rf2 Bh3+ 35. Bg4 Bxg4 36. Re1 Be2+ 37. Kh1 Qxf2 38. Qxe2 Rg1+ 0-1

[Event "Bayerische EM 2022 - Allgemeine Gruppe"]
[Site "Rosenheim"]
[Date "2022.08.23"]
[Round "3.20"]
[White "Stöttner, Lukas"]
[Black "Weiß, Thomas"]
[Result "1-0"]
[WhiteElo "1972"]
[BlackElo "1970"]
[PlyCount "67"]
[EventDate "2022.??.??"]
[WhiteTeam "SK Landau-Dingolfing"]
[BlackTeam "DJK-Regensburg Nord"]

1. e4 c5 2. Nf3 Nc6 3. Bb5 e5 4. O-O Bd6 5. d3 a6 6. Bc4 Nf6 7. Bg5 h6 8. Bxf6
Qxf6 9. a4 O-O 10. Nc3 Nb4 11. Re1 Re8 12. Nd2 Bf8 13. Nf1 d6 14. Ne3 Be6 15.
Qd2 b6 16. Reb1 Rab8 17. Qe2 g6 18. Ncd5 Nxd5 19. Nxd5 Bxd5 20. Bxd5 h5 21. Ra3
Be7 22. d4 Rf8 23. Rf3 Qg5 24. dxe5 Qxe5 25. Qxa6 Kg7 26. Qd3 Bf6 27. c3 Qg5
28. Qc4 Qd2 29. b3 Qc2 30. Rf1 Rfe8 31. Re3 Re7 32. f4 Rbe8 33. e5 dxe5 34. Re2
1-0

[Event "Bayerische EM 2022 - Allgemeine Gruppe"]
[Site "Rosenheim"]
[Date "2022.08.23"]
[Round "3.21"]
[White "Steinhauer, Artur"]
[Black "Gode, Gero"]
[Result "1-0"]
[WhiteElo "1920"]
[BlackElo "1754"]
[PlyCount "71"]
[EventDate "2022.??.??"]
[WhiteTeam "SC Bavaria Regensburg von 1881"]
[BlackTeam "SK Mering"]

1. e4 c5 2. Nf3 a6 3. c4 Nc6 4. Nc3 d6 5. d4 cxd4 6. Nxd4 e6 7. Be3 Be7 8. Be2
Nf6 9. O-O O-O 10. Qd2 Nxd4 11. Bxd4 e5 12. Be3 Ng4 13. Bxg4 Bxg4 14. f3 Be6
15. b3 f5 16. Rad1 f4 17. Bf2 Kh8 18. Nd5 Bxd5 19. Qxd5 Qd7 20. Rd3 Rf6 21.
Qxe5 Raf8 22. Qb2 Rg6 23. Rfd1 Qh3 24. Bd4 Bf6 25. Bxf6 gxf6 26. R1d2 Rfg8 27.
Kh1 Qh4 28. Qa1 Rh6 29. Qg1 Qg3 30. Rd1 Rg5 31. Rxd6 Kg7 32. Rd7+ Kf8 33. Rd8+
Ke7 34. R1d7+ Ke6 35. Qb6+ Ke5 36. Rd5# 1-0

[Event "Bayerische EM 2022 - Allgemeine Gruppe"]
[Site "Rosenheim"]
[Date "2022.08.23"]
[Round "4.1"]
[White "Schulz, Lukas"]
[Black "Miller, Eduard"]
[Result "1/2-1/2"]
[WhiteElo "2271"]
[BlackElo "2353"]
[PlyCount "31"]
[EventDate "2022.??.??"]
[WhiteTeam "SC Erlangen"]
[BlackTeam "SC Erlangen"]

1. e4 c5 2. d4 cxd4 3. c3 e5 4. cxd4 exd4 5. Nf3 Nc6 6. Nxd4 Nf6 7. Nc3 Bb4 8.
Nxc6 dxc6 9. Qxd8+ Kxd8 10. Bg5 h6 11. O-O-O+ Ke7 12. Be3 Be6 13. f3 Rhd8 14.
Be2 Rxd1+ 15. Rxd1 Nd7 16. a3 1/2-1/2

[Event "Bayerische EM 2022 - Allgemeine Gruppe"]
[Site "Rosenheim"]
[Date "2022.08.23"]
[Round "4.2"]
[White "Monninger, Moritz"]
[Black "Vuckovic, Zarko"]
[Result "0-1"]
[WhiteElo "2071"]
[BlackElo "2286"]
[PlyCount "94"]
[EventDate "2022.??.??"]
[WhiteTeam "SK Herzogenaurach"]
[BlackTeam "SF Augsburg"]

1. e4 c5 2. c3 e6 3. Nf3 d5 4. exd5 exd5 5. d4 Nc6 6. Bb5 c4 7. b3 cxb3 8. axb3
Nf6 9. O-O Be7 10. Ne5 Qb6 11. Qe2 Be6 12. Bxc6+ bxc6 13. Ra6 Qxb3 14. Nxc6 Bd6
15. Ba3 Bxa3 16. Rxa3 Qb7 17. Ne5 O-O 18. Nd2 Qb2 19. Rb3 Qc2 20. Qd3 Qxd3 21.
Nxd3 Ne4 22. Nf3 Rfc8 23. Rc1 f6 24. Nfe1 Nd2 25. Ra3 a5 26. Nc5 Bf5 27. Ra2
Nc4 28. Nf3 Rcb8 29. Nd2 Nxd2 30. Rxd2 a4 31. Ra2 a3 32. Kf1 Bb1 33. Ra1 a2 34.
Re1 Kf7 35. Re3 Ra3 36. Ke1 Bf5 37. Kf1 Rb1+ 38. Re1 Rxa1 39. Rxa1 Bb1 40. Ke2
Rxc3 41. Kd2 Rc2+ 42. Ke3 Ke7 43. Na6 Rc3+ 44. Ke2 Rc4 45. Ke3 Kd6 46. Nc5 Rxc5
47. dxc5+ Kxc5 0-1

[Event "Bayerische EM 2022 - Allgemeine Gruppe"]
[Site "Rosenheim"]
[Date "2022.08.23"]
[Round "4.3"]
[White "Lohvinov, Petro"]
[Black "Hinterreiter, Markus"]
[Result "1/2-1/2"]
[WhiteElo "2232"]
[BlackElo "2119"]
[PlyCount "108"]
[EventDate "2022.??.??"]
[WhiteTeam "SK München Südost"]
[BlackTeam "TSV Trostberg"]

1. e4 c5 2. Nf3 d6 3. d4 cxd4 4. Nxd4 Nf6 5. Nc3 a6 6. Be3 e5 7. Nb3 Be7 8. f3
Be6 9. Qd2 h5 10. Nd5 Nxd5 11. exd5 Bf5 12. Be2 a5 13. Rc1 O-O 14. O-O a4 15.
Na1 Nd7 16. c4 Qa5 17. Qxa5 Rxa5 18. Nc2 Nc5 19. Rfd1 Bf6 20. Kf2 Bg6 21. Rd2
Bd8 22. Na3 f5 23. Nb5 Bb6 24. Kf1 Ra6 25. Bg1 Ba5 26. Rdd1 Rc8 27. Bf2 Bd8 28.
Be3 h4 29. g3 Bf6 30. Rd2 Kf7 31. Rdd1 Bh7 32. f4 hxg3 33. hxg3 Ne4 34. Kg2
exf4 35. gxf4 Bxb2 36. Rc2 Bf6 37. Rb1 g5 38. fxg5 Bxg5 39. Bxg5 Rg8 40. Nd4
Rxg5+ 41. Kh2 Ra7 42. Ne6 Rg3 43. c5 Rc3 44. Rxc3 Nxc3 45. cxd6 Nxb1 46. d7 Ra8
47. d8=Q Rxd8 48. Nxd8+ Kf6 49. Nxb7 Bg8 50. d6 Be6 51. Bb5 Nc3 52. d7 Bxd7 53.
Bxd7 a3 54. Na5 Nxa2 1/2-1/2

[Event "Bayerische EM 2022 - Allgemeine Gruppe"]
[Site "Rosenheim"]
[Date "2022.08.23"]
[Round "4.4"]
[White "Kocak, Ediz"]
[Black "Kolb, Tobias"]
[Result "1-0"]
[WhiteElo "2080"]
[BlackElo "2355"]
[PlyCount "91"]
[EventDate "2022.??.??"]
[WhiteTeam "SGem Fürth"]
[BlackTeam "SC Bamberg"]

1. e4 e5 2. Nf3 Nc6 3. Bb5 a6 4. Ba4 Nf6 5. Qe2 b5 6. Bb3 Bc5 7. c3 O-O 8. O-O
d6 9. d3 h6 10. Be3 Bxe3 11. fxe3 Na5 12. Bc2 c5 13. Nbd2 Rb8 14. Nh4 Nxe4 15.
Nxe4 Qxh4 16. Nxd6 Bg4 17. Qf2 Qxf2+ 18. Rxf2 Be6 19. a3 f5 20. b4 c4 21. d4
Nb3 22. Raf1 exd4 23. exd4 g6 24. Re1 Rf6 25. Ne4 Rff8 26. Nc5 Nxc5 27. bxc5
Bf7 28. Bd1 Rfd8 29. Bf3 Kf8 30. Rfe2 Rd7 31. g3 Rc7 32. h4 Rd8 33. Re5 Rdd7
34. h5 Kg7 35. hxg6 Kxg6 36. c6 Rd6 37. Re7 Rc8 38. Ra7 Kf6 39. Re5 Rcxc6 40.
Bxc6 Rxc6 41. Kf2 Rd6 42. Ke3 Rb6 43. Kf4 Bg6 44. d5 Rd6 45. Rc7 Bf7 46. Rxf5+
1-0

[Event "Bayerische EM 2022 - Allgemeine Gruppe"]
[Site "Rosenheim"]
[Date "2022.08.23"]
[Round "4.5"]
[White "Reimann, Sebastian"]
[Black "Brunner, Tobias"]
[Result "1-0"]
[WhiteElo "2252"]
[BlackElo "2050"]
[PlyCount "149"]
[EventDate "2022.??.??"]
[WhiteTeam "SK Kriegshaber"]
[BlackTeam "SC Windischeschenbach"]

1. e4 c6 2. Nf3 d5 3. Nc3 dxe4 4. Nxe4 Nf6 5. Qe2 Nxe4 6. Qxe4 Nd7 7. Bc4 Nf6
8. Ne5 e6 9. Qe2 b5 10. Bd3 Nd5 11. Nxc6 Qb6 12. Ne5 a6 13. O-O Bb7 14. a4 b4
15. Be4 Rc8 16. d3 Bc5 17. Bxd5 Bxd5 18. Be3 Qc7 19. Bxc5 Qxc5 20. Rfc1 Qd4 21.
b3 O-O 22. a5 Rc7 23. Nc4 Rfc8 24. h3 Rc5 25. Qe3 Qf6 26. Ra4 Bxc4 27. bxc4 Qb2
28. Qe1 Re5 29. Qd2 Rb8 30. Raa1 Qd4 31. Rab1 Qd6 32. Ra1 Qc7 33. Ra4 Rxa5 34.
Rxb4 Rxb4 35. Qxb4 h6 36. Rb1 Kh7 37. Qb6 Qxb6 38. Rxb6 Ra1+ 39. Kh2 Ra2 40.
Kg3 Kg6 41. Kf3 a5 42. Ra6 Rxc2 43. Rxa5 f5 44. Re5 Kf6 45. Re2 Rc1 46. Ke3 e5
47. Kd2 Ra1 48. Ke3 Ra3 49. f3 Ra6 50. f4 Ra3 51. fxe5+ Kxe5 52. Rb2 f4+ 53.
Ke2 Kd4 54. Rb7 f3+ 55. Kxf3 Rxd3+ 56. Kg4 h5+ 57. Kh4 g5+ 58. Kxg5 Rg3+ 59.
Kxh5 Rxg2 60. Rc7 Ke5 61. h4 Kf6 62. Rd7 Rg8 63. Rd6+ Kf5 64. Rd5+ Kf4 65. Kh6
Rc8 66. c5 Rc6+ 67. Kg7 Rc7+ 68. Kf6 Rh7 69. h5 Ke4 70. Rg5 Kf4 71. Kg6 Rc7 72.
Rf5+ Kg4 73. h6 Rc6+ 74. Rf6 Rxc5 75. h7 1-0

[Event "Bayerische EM 2022 - Allgemeine Gruppe"]
[Site "Rosenheim"]
[Date "2022.08.23"]
[Round "4.6"]
[White "Böhme, Markus"]
[Black "Kleibel, Uwe"]
[Result "0-1"]
[WhiteElo "2170"]
[BlackElo "2183"]
[PlyCount "74"]
[EventDate "2022.??.??"]
[WhiteTeam "SC Uttenreuth"]
[BlackTeam "SC Bavaria Regensburg von 1881"]

1. e4 e5 2. Nf3 Nc6 3. Bc4 Nf6 4. d3 Be7 5. O-O O-O 6. Nc3 d6 7. a4 Na5 8. Ba2
c5 9. Nd5 Nxd5 10. Bxd5 Nc6 11. c3 Bf6 12. Be3 Ne7 13. Ba2 Ng6 14. d4 Qc7 15.
h3 Bd7 16. Re1 Be7 17. b4 exd4 18. cxd4 cxb4 19. a5 Kh8 20. Bd5 Bc6 21. Qb3 f5
22. exf5 Rxf5 23. Be6 Rxf3 24. gxf3 Bxf3 25. Bd5 Nh4 26. Bd2 Rf8 27. Rac1 Qxa5
28. Bxb4 Qd8 29. Re3 Bg5 30. Bxf3 Bxe3 31. Qxe3 Rxf3 32. Qe4 Qg5+ 33. Qg4 Qxc1+
34. Kh2 Rxf2+ 35. Kg3 Qg1+ 36. Kxh4 Qxg4+ 37. Kxg4 d5 0-1

[Event "Bayerische EM 2022 - Allgemeine Gruppe"]
[Site "Rosenheim"]
[Date "2022.08.23"]
[Round "4.7"]
[White "Löw, Gerald"]
[Black "Albert, Markus"]
[Result "0-1"]
[WhiteElo "2153"]
[BlackElo "2024"]
[PlyCount "54"]
[EventDate "2022.??.??"]
[WhiteTeam "TSV Bindlach Aktionär"]
[BlackTeam "SC Ansbach"]

1. c4 e5 2. Nc3 Nc6 3. Nf3 Nf6 4. e3 Bb4 5. Qc2 O-O 6. Nd5 Nxd5 7. cxd5 Ne7 8.
a3 Bd6 9. Bc4 c6 10. Ng5 g6 11. dxc6 bxc6 12. Qb3 Nd5 13. Nxf7 Rxf7 14. Bxd5
cxd5 15. Qxd5 Rb8 16. Qxd6 Rb6 17. Qxe5 Ba6 18. b4 Qh4 19. Bb2 Qxf2+ 20. Kd1
Qe2+ 21. Kc1 Rf1+ 22. Rxf1 Qxf1+ 23. Kc2 Bd3+ 24. Kc3 Rc6+ 25. Kd4 Rc4+ 26. Kd5
Qf7+ 27. Kd6 Rc6# 0-1